000 00391nam a22001577a 4500
003 MPLRDC
005 20220104142719.0
008 210129b ||||| |||| 00| 0 eng d
082 _a945.32 HY c.3
100 _a黄尧
245 _a黄尧追悼会暨回顾展
_c
260 _a
_b东方资料研究中心
_c
300 _b
650 _a中国画册--题识
942 _cBK
_o945.32 HY c.3
999 _c33118
_d33108